Statistiques concernant MARQUE DE NIMPORTE QUOI

Cliquez ici pour prendre le quiz!

Statistiques générales

  • Ce quiz a été pris 136 fois
  • Le résultat moyen est 9 sur 15

Statistiques - réponses

Réponse% Correct
nike
98%
apple
96%
ferrari
94%
kfc
92%
xbox
88%
playstation
81%
mars
74%
puma
71%
jetpunk
64%
ubisoft
60%
rockstar
55%
corona
32%
blizzard
3%
toffifee
2%
beat
0%

Distribution des résultats

Percentile par nombre de réponses

% des personnes avec chaque résultat

Votre développement - résultats

Vous n’avez pas pris ce quiz